Hướng dẫn thực hành hóa vô cơ Dùng cho học sinh năm thứ 2 khoa Hóa

Guardat en:
Dades bibliogràfiques
Format: Llibre
Idioma:Undetermined
Publicat: Hà Nội 1974
Matèries:
Etiquetes: Afegir etiqueta
Sense etiquetes, Sigues el primer a etiquetar aquest registre!
Thư viện lưu trữ: Trung tâm Học liệu Trường Đại học Cần Thơ
LEADER 00502nam a2200169Ia 4500
001 CTU_2851
008 210402s9999 xx 000 0 und d
082 |a 546 
082 |b H561 
245 0 |a Hướng dẫn thực hành hóa vô cơ 
245 0 |b Dùng cho học sinh năm thứ 2 khoa Hóa 
260 |a Hà Nội 
260 |c 1974 
526 |a TT. Hóa vô cơ 
526 |b SP384 
650 |a chemistry, inorganic 
980 |a Trung tâm Học liệu Trường Đại học Cần Thơ